000 00325nam a22001337a 4500
008 250307b |||||||| |||| 00| 0 eng d
020 _a9783527406371
050 _aQC20
_b.K43
100 _aKelly James J
245 _aGraduate Mathematical Physics
260 _aWeinheim
_bWiley-VCH
_c2006
300 _aXVI,466P
942 _cBK
999 _c2147
_d2147